| 000 | 00413nam a2200181Ia 4500 | ||
|---|---|---|---|
| 003 | 0STCL | ||
| 008 | 150530s9999 xx 000 0 und d | ||
| 040 |
_aSTCL _cSTCL |
||
| 100 | _aMount, W, David | ||
| 245 | _aBioinformatics Sequences and Genome Analysis | ||
| 250 | _a2 | ||
| 260 |
_c2005 _aNew Delhi |
||
| 300 | _a0 | ||
| 546 | _aEnglish | ||
| 942 |
_2ddc _cBK |
||
| 999 |
_c43733 _d43733 |
||
| 005 | 20220125170617.0 | ||